000
00328nam a2200145Ia 4500
008
150201s2008 xx 000 0 und d
082
_a
618.92
_b
P08R
100
_a
ROUND,JONATHAN
245
_a
PAEDIATRICS
250
_a
1ST
260
_b
WILEY BLACKWELL
_a
UK
_c
2008
300
_a
1-185
650
_a
PAEDIATRICS
942
_2
ddc
_c
BK
999
_c
573
_d
573